World Landmarks by Country Quiz Stats

 Plays Quiz Updated Mar 23, 2015

Challenge
Share
Tweet
Embed
Score 0/40 Timer 08:00
1 Play Today
% Correct
Empire State Building
97%
Grand Canyon
96.1%
Berlin Wall
94.7%
Hollywood Sign
94.3%
Big Ben
94%
Buckingham Palace
93.9%
Statue of Liberty
93.7%
Westminster Abbey
90.8%
Hockey Hall of Fame
90%
Mount Olympus
89.6%
Brandenburg Gate
89.5%
Neuschwanstein
89.1%
Stonehenge
88.5%
Cathedral of Brasília
87.5%
Christ the Redeemer
87.4%
Parthenon
87.1%
Colosseum
85.3%
Lenin's Mausoleum
85%
CN Tower
85%
Mount Athos
82.8%
% Correct
Bolshoi Theatre
82.8%
Estádio Maracanã
81.9%
Loch Ness
81%
Mount Vesuvius
80%
Cologne Cathedral
79.3%
Banff National Park
78.4%
Winter Palace
78%
Trevi Fountain
77%
Copacabana
75.7%
Knossos
75.4%
Gateway Arch
75.3%
Saint Basil's Cathedral
74.8%
Château Frontenac
69.8%
Escadaria Selarón
69.3%
Lake Baikal
68.4%
Pantheon
64.1%
L'Anse aux Meadows
63.5%
Uffizi
56.3%
Walhalla Memorial
49.5%
Metéora
40.8%

You're not logged in!

Compare scores with friends on all Sporcle quizzes.
OR
Log In

You Might Also Like...

Show Comments

Extras

Top Quizzes Today


Score Distribution

Your Account Isn't Verified!

In order to create a playlist on Sporcle, you need to verify the email address you used during registration. Go to your Sporcle Settings to finish the process.

Report this User

Report this user for behavior that violates our Community Guidelines.

Details: